Missing Word: 'Young' Things (A-Z) Quiz Stats

Quiz Updated Feb 16, 2015

Challenge
Share
Tweet
Embed
Score 0/24 Timer 04:00
0 Plays Today
Phrase Missing Word % Correct
We ____ YoungAre
96%
The ____ of a Young GirlDiary
92.2%
Young at ____Heart
92.1%
____ the Good Die YoungOnly
89.8%
P.Y.T. (Pretty Young ____)Thing
88.7%
The Young and the ____Restless
83.4%
____ I Die YoungIf
82.9%
Brigham Young ____University
80.6%
Young Men's ____ AssociationChristian
78.3%
A ____ of the Artist as a Young ManPortrait
74.4%
____ YoungNeil
71.4%
When ____ Were YoungYou
70.7%
Phrase Missing Word % Correct
Young ____Frankenstein
68.4%
Young, ____ & FreeWild
67.9%
____ Joe YoungMighty
57.2%
____ YoungLoretta
34.5%
30 Under 30: America's Coolest Young ____Entrepreneurs
28.1%
____ YoungSean
27.8%
Young ____Jeezy
25.2%
Young the ____Giant
19.7%
____ YoungKevin
9.6%
_____ YoungBellamy
8.9%
Young ____ Plays It SafeZaphod
6.8%
Young ____Volcanoes
4%

Today's Daily Dose

Missing Word
Fruity Song Titles

Quick Pick
Double Blanks

On This Day
June 22nd II

You're not logged in!

Compare scores with friends on all Sporcle quizzes.
Join for Free
OR
Log In

You Might Also Like...

Show Comments

Extras

Top Quizzes Today


Score Distribution

Your Account Isn't Verified!

In order to create a playlist on Sporcle, you need to verify the email address you used during registration. Go to your Sporcle Settings to finish the process.

Report this User

Report this user for behavior that violates our Community Guidelines.

Details: